Detalles MARC
| 000 -CABECERA |
| campo de control de longitud fija |
01686nam a2200241 a 4500 |
| 001 - NÚMERO DE CONTROL |
| campo de control |
000028504 |
| 005 - FECHA Y HORA DE LA ÚLTIMA TRANSACCIÓN |
| campo de control |
20240315110841.0 |
| 008 - DATOS DE LONGITUD FIJA--INFORMACIÓN GENERAL |
| campo de control de longitud fija |
110408s2004 dr 001 0 spa d |
| 040 ## - FUENTE DE LA CATALOGACIÓN |
| Centro catalogador/agencia de origen |
DO-SdBNP |
| Lengua de catalogación |
spa |
| Centro/agencia transcriptor |
BNPHU |
| 082 ## - NÚMERO DE LA CLASIFICACIÓN DECIMAL DEWEY |
| Número de clasificación |
346.729307 |
| Número de documento/Ítem |
R426r |
| 110 1# - ENTRADA PRINCIPAL--NOMBRE DE ENTIDAD CORPORATIVA |
| Nombre de entidad corporativa o nombre de jurisdicción como elemento de entrada |
República Dominicana |
| 9 (RLIN) |
447 |
| 240 12 - TÍTULO UNIFORME |
| Título uniforme |
[Leyes, etc.] |
| 245 10 - MENCIÓN DE TÍTULO |
| Título |
Recopilación legislativa en materia comercial / |
| Mención de responsabilidad, etc. |
compiladores Juan A. Biaggi Lama y Samuel Arias Arceno. |
| 260 ## - PUBLICACIÓN, DISTRIBUCIÓN, ETC. |
| Lugar de publicación, distribución, etc. |
Santo Domingo : |
| Nombre del editor, distribuidor, etc. |
Suprema Corte de Justicia, |
| Fecha de publicación, distribución, etc. |
2004. |
| 300 ## - DESCRIPCIÓN FÍSICA |
| Extensión |
3 v. ; |
| Dimensiones |
27 cm. |
| 505 0# - NOTA DE CONTENIDO CON FORMATO |
| Título |
Código de comercio de la República Dominicana -- |
| -- |
Ley 189-01 que modifica varios artículos del Código Civil Dominicano -- |
| -- |
Tratados internacionales -- |
| -- |
Navegacion Marítima -- |
| -- |
Materia de prueba -- |
| -- |
Derecho de autor -- |
| -- |
Transporte aéreo -- |
| -- |
Arbitraje -- |
| -- |
Almacenes generales de depósito y otras disposiciones relacionadas con actividad bancaria -- |
| -- |
Venta condicional de inmuebles -- |
| -- |
Ventas acumulativas -- |
| -- |
Comercio controlado -- |
| -- |
Inquilinato -- |
| -- |
Explosivos -- |
| -- |
Gasolina -- |
| -- |
Salud pública -- |
| -- |
Inversión extranjera -- |
| -- |
Cámara de comercio -- |
| -- |
Minería -- |
| -- |
Propiedad intelectual -- |
| -- |
Aeronáutica civil -- |
| -- |
Electricidad -- |
| -- |
Espectáculos públicos -- |
| -- |
Competencia desleal -- |
| -- |
Seguro y fianzas -- |
| -- |
Sobre seguridad social -- |
| -- |
Zonas francas. |
| 590 ## - NOTA LOCAL (RLIN) |
| Nota local |
Inventariado, 2018/LP |
| 650 #4 - PUNTO DE ACCESO ADICIONAL DE MATERIA--TÉRMINO DE MATERIA |
| Término de materia o nombre geográfico como elemento de entrada |
Derecho comercial |
| Subdivisión general |
Legislación |
| Subdivisión geográfica |
República Dominicana |
| Subdivisión general |
Recopilaciones, repertorios, etc. |
| 9 (RLIN) |
55471 |
| 650 #4 - PUNTO DE ACCESO ADICIONAL DE MATERIA--TÉRMINO DE MATERIA |
| Término de materia o nombre geográfico como elemento de entrada |
Leyes |
| Subdivisión geográfica |
República Dominicana |
| Subdivisión general |
Recopilaciones, repertorios, etc. |
| 9 (RLIN) |
55472 |
| 700 12 - PUNTO DE ACCESO ADICIONAL--NOMBRE DE PERSONA |
| Nombre de persona |
Biaggi Lama, Juan A. |
| Fechas asociadas al nombre |
1951-2023 |
| Término indicativo de función/relación |
comp. |
| 9 (RLIN) |
76550 |
| 700 12 - PUNTO DE ACCESO ADICIONAL--NOMBRE DE PERSONA |
| Nombre de persona |
Arias Arceno, Samuel, |
| Término indicativo de función/relación |
comp. |
| 9 (RLIN) |
55473 |
| 910 ## - DATOS DE OPCIÓN DEL USUARIO (OCLC) |
| Datos de opción del usuario |
Validado. Control de calidad EMS. |